Normal view
MARC view
- Kalokhe Neha K
Entry Personal Name
001 - CONTROL NUMBER
- control field: 182894
003 - CONTROL NUMBER IDENTIFIER
- control field: OSt
005 - DATE AND TIME OF LATEST TRANSACTION
- control field: 20230605085009.0
008 - FIXED-LENGTH DATA ELEMENTS
- fixed length control field: 230605|| aca||aabn | a|a d
040 ## - CATALOGING SOURCE
- Original cataloging agency: OSt
- Transcribing agency: OSt
100 ## - HEADING--PERSONAL NAME
- Personal name: Kalokhe Neha K
670 ## - SOURCE DATA FOUND
- Source citation: Work cat.: (OSt)160958: Kalokhe Neha K, Resort For Recreation And Adventure, 2016